The Report Brunei Darussalam 2007.

Bibliographic Details
Format: Book
Published: London: The Oxford Business Group, 2007.
Subjects:
LEADER 00608cam a2200181 7i4500
001 0000020727
005 20080317090000.0
020 0 0 |a 1-90202339-75-4  
090 0 0 |a BRUN 338.7   |b REP 
245 0 0 |a The Report Brunei Darussalam 2007. 
260 0 0 |a London:   |b The Oxford Business Group,   |c 2007. 
300 # # |a 164 p. 
650 0 0 |a Brunei Darussalam --   |x Economic conditions  
650 0 0 |a Business --   |z Brunei Darussalam  
650 0 0 |a Tourism --   |z Brunei Darussalam  
650 0 0 |a Politics and government --   |z Brunei Darussalam  
651 0 0 |a Brunei Darussalam  
999 |a 0000021764  |b Book  |c Countries  |e Business Information Centre